The one hundred texts of the Society for Irish Church Missions. (Record no. 13662)

000 -LEADER
fixed length control field 00756nam a2200205 a 4500
001 - CONTROL NUMBER
control field :::00011485$&:&@@
003 - CONTROL NUMBER IDENTIFIER
control field OkBaRHE
005 - DATE AND TIME OF LATEST TRANSACTION
control field 20100402115405.0
008 - FIXED-LENGTH DATA ELEMENTS--GENERAL INFORMATION
fixed length control field s1952 j 000 0 eng u
040 ## - CATALOGING SOURCE
Transcribing agency
100 1# - MAIN ENTRY--PERSONAL NAME
Personal name Hammond, Thomas Chatterton, (The Venerable Archdeacon), 1877-
245 14 - TITLE STATEMENT
Title The one hundred texts of the Society for Irish Church Missions.
250 ## - EDITION STATEMENT
Edition statement 4th complete ed.
260 ## - PUBLICATION, DISTRIBUTION, ETC. (IMPRINT)
Place of publication, distribution, etc London, UK:EN., :
Name of publisher, distributor, etc Society for Irish Church Missions; Marshall, Morgan & Scott
Date of publication, distribution, etc 1952
300 ## - PHYSICAL DESCRIPTION
Extent xvi, 560 p. ;
Dimensions 23 cm.
650 ## - SUBJECT ADDED ENTRY--TOPICAL TERM
Topical term or geographic name as entry element Bible
General subdivision Commentaries
650 ## - SUBJECT ADDED ENTRY--TOPICAL TERM
Topical term or geographic name as entry element Catholic Church
General subdivision Doctrines
942 ## - ADDED ENTRY ELEMENTS (KOHA)
Source of classification or shelving scheme
Koha item type Books
Copies
Lost status Copy number Koha item type Source of classification or shelving scheme Barcode Withdrawn status Not for loan Permanent Location Full call number Date acquired Price effective from Date last seen Shelving location Damaged status
 1Books 11485  RHEMA Bible Training CollegeBX 1765.2 .S6 19522010-04-142010-04-142010-04-14General Stacks